000 00227 a2200109 4500
245 _aPEYTON PLACE
_hText
020 _a0330202618
100 _aMETALIOUS GRACE
650 _aINDIAN LITERATURE
005 20191017172052.0
260 _c1959
084 _aNONE
999 _c8386
_d8386